000 01409cam a2200133 4500500
005 20260405085450.0
041 _afre
042 _adc
100 1 0 _aBraudel, Fernand
_eauthor
245 0 0 _aLa Méditerranée et le monde méditerranéen à l'époque de Philippe II : Tome 3 - Les événements, la politique et les hommes
260 _bArmand Colin,
_c2017.
520 _a« Avec la Méditerranée, j’ai pris le large, j’ai visité avec ravissement à peu près tous les pays et tous les dépôts d’archives de Méditerranée. Cela m’a pris une vingtaine d’années. » Ce troisième volume est celui de l’histoire vive des événements durant le demi-siècle que domine le règne de Philippe II. En Méditerranée le conflit est permanent entre les deux grands champions de l’Islam et de la Chrétienté, l’Espagnol et le Turc. La paix avec la France, en 1559, marque le début d’un âpre duel, jusqu’au triomphe de la flotte chrétienne à Lépante, en 1571. Paradoxalement, celui-ci inaugure une longue période de paix. C’est que les flottes des deux adversaires, chacun aux prises avec ses propres drames, désertent la Méditerranée pour le grand bonheur des corsaires turcs et chrétiens, dont la petite guerre va remplacer la grande.
856 4 1 _uhttps://shs.cairn.info/la-mediterranee-et-le-monde-mediterraneen-3--9782200618278?lang=fr&redirect-ssocas=7080
999 _c2197797
_d2197797